000 00390nam a2200133Ia 4500
008 211109s9999||||xx |||||||||||||| ||und||
082 _a494.8125
_bMAT-V
100 _aMathew, T V
245 0 _aVruttha sastram
260 _bKerala Bhasha Institute
_aThiruvananthapuram
_c1996
630 _xGeneral stack
650 _aMalayalam Grammar
_vMalayalam Language
_xLanguageMalayalam
942 _cBOOK
999 _c55741
_d55741